书目信息 |
| 题名: |
首席专家胡大一谈健康从“心”做起
|
|
| 作者: | 胡大一 著 | |
| 分册: | ||
| 出版信息: | 北京 人民卫生出版社 2003 |
|
| 页数: | 206页 | |
| 开本: | 20cm | |
| 丛书名: | ||
| 单 册: | ||
| 中图分类: | R54 | |
| 科图分类: | ||
| 主题词: | 心脏血管疾病 | |
| 电子资源: | ||
| ISBN: | 7-117-05699-1 | |
| 000 | 00578nam0 2200193 450 | |
| 001 | 0759754460 | |
| 005 | 20070726152255.76 | |
| 010 | @a7-117-05699-1@dCNY10.00 | |
| 100 | @a20070720d2003 km y0chiy0120 ea | |
| 101 | 0 | @achi |
| 102 | @aCN@b110000 | |
| 200 | 1 | @a首席专家胡大一谈健康从“心”做起@Ashou xi zhuan jia hu da yi tan jian kang cong“xin”zuo qi@f胡大一著@Fhu da yi zhu |
| 210 | @a北京@c人民卫生出版社@d2003 | |
| 215 | @a206页@d20cm | |
| 606 | 0 | @a心脏血管疾病 |
| 690 | @aR54@v3 | |
| 701 | 0 | @a胡大一@Ahu da yi@4著 |
| 801 | 0 | @aCN@bPFT@c20070726 |
| 905 | @a10447@dR54@e103 | |
| 首席专家胡大一谈健康从“心”做起/胡大一著.-北京:人民卫生出版社,2003 |
| 206页;20cm |
| ISBN 7-117-05699-1:CNY10.00 |
| ● |
| 相关链接 |
|
|
|
|
正题名:首席专家胡大一谈健康从"心"做起
索取号:R54/103
 
预约/预借
| 序号 | 登录号 | 条形码 | 馆藏地/架位号 | 状态 | 备注 |
| 1 | 0766239 | 207662395 | 第二样本阅览室/ [索取号:R54/103] | 在馆 |